Política y reforma agraria en Honduras: crisis de un sistema alimentario /
Analiza en qué medida la política agraria implementada desde los años 60 en Honduras ha logrado o no, cumplir con sus objetivos y proponer una interpretación de su fracaso relativo. En la primera parte, se presentan indicadores de la eficiencia del sistema alimentario hondureño en términos de produc...
Guardado en:
| Hovedforfatter: | |
|---|---|
| Format: | Bog |
| Sprog: | Spanish |
| Fag: | |
| Tags: |
Tilføj Tag
Ingen Tags, Vær først til at tagge denne postø!
|
MARC
| LEADER | 00000nam a22000007a 4500 | ||
|---|---|---|---|
| 003 | cru CIDCACS/IIS | ||
| 005 | 20170811152022.0 | ||
| 007 | ta | ||
| 008 | 161020t1989 cr ||||| |||| 00| 0 spa d | ||
| 999 | |c 18630 |d 18630 | ||
| 040 | |c cru CIDCACS/IIS | ||
| 100 | 1 | |9 214 |a Durand, Guy | |
| 245 | 1 | |a Política y reforma agraria en Honduras: |b crisis de un sistema alimentario / |c Guy Durand | |
| 300 | |a páginas 55-70 : |b tablas | ||
| 520 | |a Analiza en qué medida la política agraria implementada desde los años 60 en Honduras ha logrado o no, cumplir con sus objetivos y proponer una interpretación de su fracaso relativo. En la primera parte, se presentan indicadores de la eficiencia del sistema alimentario hondureño en términos de producción y pobreza rural. Luego se analiza su funcionamiento, enfocando las estructuras agrarias y las relaciones de interdependencia que existen entre los diferentes sistemas de producción. Finalmente, trata de evaluar el impacto de la reforma agraria sobre la transformación de dicho sistema alimentario. | ||
| 650 | 1 | 0 | |9 2023 |a POLITICA AGRARIA |
| 650 | 4 | |9 2034 |a PRODUCCION ALIMENTARIA | |
| 650 | 1 | 0 | |9 284 |a POBREZA |
| 650 | 1 | 0 | |9 624 |a CAMPESINADO |
| 651 | 4 | |9 2652 |a HONDURAS | |
| 773 | 0 | |0 18627 |9 68 |a Lundahl, Mats |d San José, Costa Rica: Editorial DEI, 1989 |o 17678 |t Crisis económica en Centroamérica y El Caribe / |z 9977830045 | |
| 942 | |2 ddc |c LI | ||



